<?xml version="1.0" encoding="UTF-8"?>
<collection xmlns="http://www.loc.gov/MARC21/slim">
 <record>
  <leader>03366cam a2200577   4500</leader>
  <controlfield tag="001">1652008071</controlfield>
  <controlfield tag="003">DE-627</controlfield>
  <controlfield tag="005">20240323184245.0</controlfield>
  <controlfield tag="007">tu</controlfield>
  <controlfield tag="008">910531s1990    xx |||||      00| ||eng c</controlfield>
  <datafield tag="016" ind1="7" ind2=" ">
   <subfield code="a">b9105871</subfield>
   <subfield code="2">UK</subfield>
  </datafield>
  <datafield tag="020" ind1=" " ind2=" ">
   <subfield code="a">0300043082</subfield>
   <subfield code="9">0-300-04308-2</subfield>
  </datafield>
  <datafield tag="035" ind1=" " ind2=" ">
   <subfield code="a">(DE-627)1652008071</subfield>
  </datafield>
  <datafield tag="035" ind1=" " ind2=" ">
   <subfield code="a">(DE-576)024342378</subfield>
  </datafield>
  <datafield tag="035" ind1=" " ind2=" ">
   <subfield code="a">(DE-599)BSZ024342378</subfield>
  </datafield>
  <datafield tag="035" ind1=" " ind2=" ">
   <subfield code="a">(OCoLC)21373776</subfield>
  </datafield>
  <datafield tag="035" ind1=" " ind2=" ">
   <subfield code="a">(OCoLC)21373776</subfield>
  </datafield>
  <datafield tag="035" ind1=" " ind2=" ">
   <subfield code="a">(DE-604)8046087486</subfield>
  </datafield>
  <datafield tag="040" ind1=" " ind2=" ">
   <subfield code="a">DE-627</subfield>
   <subfield code="b">ger</subfield>
   <subfield code="c">DE-627</subfield>
   <subfield code="e">rakwb</subfield>
  </datafield>
  <datafield tag="041" ind1=" " ind2=" ">
   <subfield code="a">eng</subfield>
  </datafield>
  <datafield tag="082" ind1="0" ind2=" ">
   <subfield code="a">091.094428</subfield>
  </datafield>
  <datafield tag="082" ind1="0" ind2=" ">
   <subfield code="a">745.6/7/094428</subfield>
  </datafield>
  <datafield tag="084" ind1=" " ind2=" ">
   <subfield code="a">9,10</subfield>
   <subfield code="a">0</subfield>
   <subfield code="2">ssgn</subfield>
  </datafield>
  <datafield tag="084" ind1=" " ind2=" ">
   <subfield code="a">LO 35210</subfield>
   <subfield code="2">rvk</subfield>
   <subfield code="0">(DE-625)rvk/103189:</subfield>
  </datafield>
  <datafield tag="084" ind1=" " ind2=" ">
   <subfield code="a">LO 35100</subfield>
   <subfield code="2">rvk</subfield>
   <subfield code="0">(DE-625)rvk/103178:</subfield>
  </datafield>
  <datafield tag="084" ind1=" " ind2=" ">
   <subfield code="a">LH 72130</subfield>
   <subfield code="2">rvk</subfield>
   <subfield code="0">(DE-625)rvk/94914:</subfield>
  </datafield>
  <datafield tag="100" ind1="1" ind2=" ">
   <subfield code="a">Hamburger, Jeffrey F.</subfield>
   <subfield code="d">1957-</subfield>
   <subfield code="0">(DE-588)11448208X</subfield>
   <subfield code="0">(DE-627)493066845</subfield>
   <subfield code="0">(DE-576)167785583</subfield>
   <subfield code="4">aut</subfield>
  </datafield>
  <datafield tag="245" ind1="1" ind2="4">
   <subfield code="a">The Rothschild canticles</subfield>
   <subfield code="b">art and mysticism in Flanders and the Rhineland circa 1300</subfield>
   <subfield code="c">Jeffrey F. Hamburger</subfield>
  </datafield>
  <datafield tag="264" ind1=" " ind2="1">
   <subfield code="a">New Haven [u.a.]</subfield>
   <subfield code="b">Yale Univ. Pr.</subfield>
   <subfield code="c">1990</subfield>
  </datafield>
  <datafield tag="300" ind1=" " ind2=" ">
   <subfield code="a">XII, 336 S., [63] Bl.</subfield>
   <subfield code="b">zahlr. Ill.</subfield>
  </datafield>
  <datafield tag="336" ind1=" " ind2=" ">
   <subfield code="a">Text</subfield>
   <subfield code="b">txt</subfield>
   <subfield code="2">rdacontent</subfield>
  </datafield>
  <datafield tag="337" ind1=" " ind2=" ">
   <subfield code="a">ohne Hilfsmittel zu benutzen</subfield>
   <subfield code="b">n</subfield>
   <subfield code="2">rdamedia</subfield>
  </datafield>
  <datafield tag="338" ind1=" " ind2=" ">
   <subfield code="a">Band</subfield>
   <subfield code="b">nc</subfield>
   <subfield code="2">rdacarrier</subfield>
  </datafield>
  <datafield tag="490" ind1="0" ind2=" ">
   <subfield code="a">Yale publications in the history of art</subfield>
  </datafield>
  <datafield tag="583" ind1="1" ind2=" ">
   <subfield code="a">Archivierung/Langzeitarchivierung gewährleistet</subfield>
   <subfield code="f">SSG</subfield>
   <subfield code="x">XA-DE-BW</subfield>
   <subfield code="2">pdager</subfield>
   <subfield code="5">DE-16</subfield>
  </datafield>
  <datafield tag="650" ind1=" " ind2="4">
   <subfield code="a">Illuminated manuscripts</subfield>
  </datafield>
  <datafield tag="650" ind1=" " ind2="4">
   <subfield code="a">Germany</subfield>
  </datafield>
  <datafield tag="650" ind1=" " ind2="4">
   <subfield code="a">France</subfield>
  </datafield>
  <datafield tag="689" ind1="0" ind2="0">
   <subfield code="d">u</subfield>
   <subfield code="0">(DE-588)7745739-0</subfield>
   <subfield code="0">(DE-627)702943215</subfield>
   <subfield code="0">(DE-576)344461297</subfield>
   <subfield code="a">Rothschild-Canticles</subfield>
   <subfield code="2">gnd</subfield>
  </datafield>
  <datafield tag="689" ind1="0" ind2=" ">
   <subfield code="5">DE-101</subfield>
  </datafield>
  <datafield tag="787" ind1="0" ind2="8">
   <subfield code="i">Rezension</subfield>
   <subfield code="a">Miziołek, Jerzy, 1953 - </subfield>
   <subfield code="t">Jeffrey F. Hamburger, The Rothschild canticles</subfield>
   <subfield code="d">Heidelberg : Universitätsbibliothek Heidelberg, 1993</subfield>
   <subfield code="h">Online-Ressource</subfield>
   <subfield code="w">(DE-627)1656884704</subfield>
   <subfield code="w">(DE-576)432918213</subfield>
  </datafield>
  <datafield tag="787" ind1="0" ind2="8">
   <subfield code="i">Rezensiert in</subfield>
   <subfield code="a">Domasłowski, Jerzy</subfield>
   <subfield code="t">Jeffrey F. Hamburger, The Rothschild canticles</subfield>
   <subfield code="d">1993</subfield>
   <subfield code="w">(DE-627)1520756852</subfield>
   <subfield code="w">(DE-576)450756858</subfield>
  </datafield>
  <datafield tag="787" ind1="0" ind2="8">
   <subfield code="i">Rezensiert in</subfield>
   <subfield code="a">Camille, Michael</subfield>
   <subfield code="t">The Rothschild Canticles: Art and Mysticism in Flanders and the Rhineland circa 1300. Jeffrey F. Hamburger</subfield>
   <subfield code="d">1992</subfield>
   <subfield code="w">(DE-627)1811608590</subfield>
  </datafield>
  <datafield tag="787" ind1="0" ind2="8">
   <subfield code="i">Rezensiert in</subfield>
   <subfield code="a">Newman, Barbara</subfield>
   <subfield code="t">[Rezension von: Hamburger, Jeffrey, The Rothschild Canticles: Art and Mysticism in Flanders and the Rhineland circa 1300]</subfield>
   <subfield code="d">1992</subfield>
   <subfield code="w">(DE-627)1824300662</subfield>
  </datafield>
  <datafield tag="936" ind1="r" ind2="v">
   <subfield code="a">LO 35210</subfield>
   <subfield code="b">Stundenbücher und sonstige</subfield>
   <subfield code="k">Kunstgeschichte</subfield>
   <subfield code="k">Kunst nach Ländern bzw. Kontinenten</subfield>
   <subfield code="k">Holland, Belgien, Luxemburg (im folgenden als Niederlande bezeichnet)</subfield>
   <subfield code="k">Niederländische Kunstgeschichte nach Gattungen</subfield>
   <subfield code="k">Buchmalerei</subfield>
   <subfield code="k">Ordnung nach Buchformen</subfield>
   <subfield code="k">Stundenbücher und sonstige</subfield>
   <subfield code="0">(DE-627)1271202913</subfield>
   <subfield code="0">(DE-625)rvk/103189:</subfield>
   <subfield code="0">(DE-576)201202913</subfield>
  </datafield>
  <datafield tag="936" ind1="r" ind2="v">
   <subfield code="a">LO 35100</subfield>
   <subfield code="b">gotisch</subfield>
   <subfield code="k">Kunstgeschichte</subfield>
   <subfield code="k">Kunst nach Ländern bzw. Kontinenten</subfield>
   <subfield code="k">Holland, Belgien, Luxemburg (im folgenden als Niederlande bezeichnet)</subfield>
   <subfield code="k">Niederländische Kunstgeschichte nach Gattungen</subfield>
   <subfield code="k">Buchmalerei</subfield>
   <subfield code="k">Ordnung nach Epochen</subfield>
   <subfield code="k">gotisch</subfield>
   <subfield code="0">(DE-627)127120228X</subfield>
   <subfield code="0">(DE-625)rvk/103178:</subfield>
   <subfield code="0">(DE-576)20120228X</subfield>
  </datafield>
  <datafield tag="936" ind1="r" ind2="v">
   <subfield code="a">LH 72130</subfield>
   <subfield code="b">gotisch</subfield>
   <subfield code="k">Kunstgeschichte</subfield>
   <subfield code="k">Allgemeines. Allgemeine Kunstgeschichte</subfield>
   <subfield code="k">Kunstgeschichte einzelner Gattungen der Kunst</subfield>
   <subfield code="k">Buchmalerei</subfield>
   <subfield code="k">Ordnung nach Epochen</subfield>
   <subfield code="k">gotisch</subfield>
   <subfield code="0">(DE-627)1270920952</subfield>
   <subfield code="0">(DE-625)rvk/94914:</subfield>
   <subfield code="0">(DE-576)200920952</subfield>
  </datafield>
  <datafield tag="951" ind1=" " ind2=" ">
   <subfield code="a">BO</subfield>
  </datafield>
  <datafield tag="990" ind1=" " ind2=" ">
   <subfield code="a">Rothschild-Canticles</subfield>
  </datafield>
  <datafield tag="991" ind1=" " ind2=" ">
   <subfield code="a">Rezensiertes Werk</subfield>
  </datafield>
  <datafield tag="999" ind1=" " ind2=" ">
   <subfield code="a">KXP-PPN1652008071</subfield>
   <subfield code="e">4251599527</subfield>
  </datafield>
 </record>
</collection>
